| Tag |
First Indicator |
Second Indicator |
Subfields |
| LEADER |
00000cam a2200000 i 4500 |
| 001 |
in00000066944 |
| 005 |
20230323152913.8 |
| 008 |
781212s1978 waua b 101 0 eng d |
| 020 |
|
|
|a 0892521856
|
| 035 |
|
|
|a (OCoLC)04444770
|
| 035 |
|
|
|9 AAG6899AM
|
| 040 |
|
|
|a YSM
|c YSM
|d TXA
|d UtOrBLW
|
| 049 |
|
|
|a TXAM
|c [1558699]
|
| 090 |
|
|
|a QD96.L3
|b L34
|
| 245 |
0 |
0 |
|a Laser spectroscopy - applications & techniques :
|b August 30-31, 1978, San Diego, California /
|c Howard Schlossberg, editor.
|
| 264 |
|
1 |
|a Bellingham, Wash. :
|b Society of Photo-optical Instrumentation Engineers,
|c [1978]
|
| 264 |
|
4 |
|c ©1978
|
| 300 |
|
|
|a vi, 164 pages :
|b illustrations ;
|c 28 cm.
|
| 336 |
|
|
|a text
|b txt
|2 rdacontent
|
| 337 |
|
|
|a unmediated
|b n
|2 rdamedia
|
| 338 |
|
|
|a volume
|b nc
|2 rdacarrier
|
| 490 |
1 |
|
|a Proceedings of the Society of Photo-optical Instrumentation Engineers ; v. 158
|
| 504 |
|
|
|a Includes bibliographical references and indexes.
|
| 650 |
|
0 |
|a Laser spectroscopy
|v Congresses.
|
| 650 |
|
0 |
|a Lasers in chemistry
|v Congresses.
|
| 700 |
1 |
|
|a Schlossberg, Howard.
|
| 710 |
2 |
|
|a Society of Photo-optical Instrumentation Engineers.
|
| 830 |
|
0 |
|a Proceedings of SPIE--the International Society for Optical Engineering ;
|v v. 158.
|
| 856 |
4 |
1 |
|u https://www.spiedigitallibrary.org/conference-proceedings-of-SPIE/0158.toc?SSO=1
|t 0
|
| 999 |
|
|
|a MARS
|
| 999 |
f |
f |
|s dc7c0446-0375-3170-b4b4-fbb41a5de03c
|i bd35c903-4448-30f8-be6a-0317a84e7875
|t 0
|
| 952 |
f |
f |
|p ric
|a Texas A&M University
|b Rellis Campus
|c Joint Library Facility
|d Remote Storage
|t 0
|e QD96.L3 L34
|h Library of Congress classification
|i unmediated -- volume
|m A14804680192
|
| 998 |
f |
f |
|a QD96.L3 L34
|t 0
|l Remote Storage
|